Demands for grants and appropriations (Record no. 588883)

000 -LEADER
fixed length control field 00337nam a22001217a 4500
082 ## - DEWEY DECIMAL CLASSIFICATION NUMBER
Classification number 330 GOP
100 ## - MAIN ENTRY--PERSONAL NAME
Personal name State Bank of Pakistan
245 ## - TITLE STATEMENT
Title Demands for grants and appropriations
Statement of responsibility, etc. Government of Pakistan
260 ## - PUBLICATION, DISTRIBUTION, ETC.
Place of publication, distribution, etc. Islamabad
Name of publisher, distributor, etc. Finance Division Government of Pakistan
Date of publication, distribution, etc. 2004
300 ## - PHYSICAL DESCRIPTION
Extent 377p
563 ## - BINDING INFORMATION
Binding note P.B
942 ## - ADDED ENTRY ELEMENTS (KOHA)
Source of classification or shelving scheme
Koha item type Book
Holdings
Withdrawn status Lost status Source of classification or shelving scheme Damaged status Not for loan Permanent Location Current Location Date acquired Total Checkouts Full call number Barcode Date last seen Price effective from Koha item type
          Central Library (CL) Central Library (CL) 03/20/2022   330 GOP S3H-R-335 03/20/2022 03/20/2022 Book
© 2023 Central Library, National University of Sciences and Technology. All Rights Reserved.